Normal view
MARC view
- الالعاب الرياضية -التدريب الرياضي- جوانب فسيولوجية
Entry Topical Term
001 - CONTROL NUMBER
- control field: 42518
003 - CONTROL NUMBER IDENTIFIER
- control field: JO-AjAnu
005 - DATE AND TIME OF LATEST TRANSACTION
- control field: 20230606081044.0
008 - FIXED-LENGTH DATA ELEMENTS
- fixed length control field: 230606|| aca||aabn | a|a d
040 ## - CATALOGING SOURCE
- Original cataloging agency: JO-AjAnu
- Transcribing agency: JO-AjAnu
150 ## - HEADING--TOPICAL TERM
- Topical term or geographic name entry element: الالعاب الرياضية -التدريب الرياضي- جوانب فسيولوجية
670 ## - SOURCE DATA FOUND
- Source citation: Work cat.: (JO-AjAnu)21779: حسين ، قاسم حسن/ م مشارك ايمان شاكر محمود , author 42517, مبادئ الاسس الميكانيكية للحركات الرياضيه